| 000 | 00592nam a2200241 4500 | ||
|---|---|---|---|
| 003 | OSt | ||
| 005 | 20180116183016.0 | ||
| 008 | 151009b xxu||||| |||| 00| 0 eng d | ||
| 020 | _a9788120348479 | ||
| 022 | _a9788120348479 | ||
| 040 | _c0 | ||
| 050 | _a658.3 | ||
| 082 | _a658.3 | ||
| 100 | _aSharma,D.K. | ||
| 245 |
_aHospital Administration and Human Resource Management. _cDr.D.K.Sharma |
||
| 250 | _a6th. | ||
| 260 |
_aDelhi _bPHI Learning. _c2013 |
||
| 300 | _a589p. | ||
| 500 | _aPaper Cover | ||
| 600 | _aSharma,D.K. | ||
| 700 | _aSharma,D.K. | ||
| 942 |
_2ddc _cBK _k658.3 |
||
| 999 |
_c350401 _d350401 |
||